00550nam a22002057a 450000500170000001000110001702000220002803500110005003700160006104000120007708200160008910000190010524500520012426000240017627000330020030000330023350000190026665000430028565000160032820170124110217.0 a884512 c00.00a0852231237 a884512 bCen Lib/Ret aDPLbEN a770.02bHED aHedgecoe, John aThe photographer's handbook /cby John Hedgecoe aLondonbEburyc1977 aVauxhall Bridge RoadbLondon a352p. :c23cm(Hb)bcol. ill. aIncludes index aPhotography -- Handbooks, manuals, etc aPhotography